La incredulidad contemporánea: sus efectos (Record no. 76719)

MARC details
000 -LEADER
campo de control de longitud fija 01075nam a2200265 i 4500
001 - NÚMERO DE CONTROL
campo de control 76719
003 - IDENTIFICADOR DE NÚMERO DE CONTROL
campo de control ES-MaACL
005 - FECHA Y HORA DE LA ÚLTIMA TRANSACCIÓN
campo de control 20250819054656.0
007 - CAMPO FIJO DE DESCRIPCIÓN FÍSICA--INFORMACIÓN GENERAL
campo de control de longitud fija t|
008 - DATOS DE LONGITUD FIJA--INFORMACIÓN GENERAL
campo de control de longitud fija 041005s1907 sp ||||1| spa d
080 ## - NÚMERO DE LA CLASIFICACIÓN DECIMAL UNIVERSAL
Número de la Clasificación Decimal Universal 211
080 ## - NÚMERO DE LA CLASIFICACIÓN DECIMAL UNIVERSAL
Número de la Clasificación Decimal Universal 232.4
110 2# - ENTRADA PRINCIPAL--NOMBRE DE ENTIDAD CORPORATIVA
Nombre de entidad corporativa o nombre de jurisdicción como elemento de entrada Valencia (Archidiócesis).
Unidad subordinada Arzobispo (1905-1914: Victoriano Guisasola y Menéndez)
9 (RLIN) 157835
245 13 - MENCIÓN DEL TÍTULO
Título La incredulidad contemporánea: sus efectos
Resto del título : carta pastoral que el Excmo. y Rvmo. Sr. Dr. D. Victoriano Guisasola y Menéndez, arzobispo de Valencia, dirige al clero y fieles de la Archidiócesis.
260 ## - PUBLICACIÓN, DISTRIBUCIÓN, ETC.
Lugar de publicación, distribución, etc. Valencia :
Nombre del editor, distribuidor, etc. [s.n.],
Fecha de publicación, distribución, etc. 1907 (
Fabricante Nicasio Rius)
300 ## - DESCRIPCIÓN FÍSICA
Extensión 41 p. ;
Dimensiones 25 cm.
530 ## - NOTA DISPONIBLE DE FORMULARIO FÍSICO ADICIONAL
Nota de formato físico adicional disponible Disponible en formato digital.
650 04 - PUNTO DE ACCESO ADICIONAL DE MATERIA--TÉRMINO DE MATERIA
Término de materia o nombre geográfico como elemento de entrada Fe.
9 (RLIN) 12734
650 07 - PUNTO DE ACCESO ADICIONAL DE MATERIA--TÉRMINO DE MATERIA
Término de materia o nombre geográfico como elemento de entrada Ateísmo
Fuente del encabezamiento o término embne
9 (RLIN) 10395
700 1# - ENTRADA AGREGADA--NOMBRE PERSONAL
Nombre de persona Guisasola y Menéndez, Victoriano,
Fechas asociadas al nombre 1852-1920
9 (RLIN) 60900
852 ## - LOCALIZACIÓN
Ubicación ES-MaACL
Número de control de estantería 2240-F-10
Ubicación en estantería Depósito folletos
Nota libre Revisado enlace: 03 de Mayo de 2025
856 ## - LOCALIZACIÓN Y ACCESO ELECTRÓNICOS
Identificador Uniforme de Recursos <a href="uhttp://bdh-rd.bne.es/viewer.vm?id=0000132982&page=1 ">uhttp://bdh-rd.bne.es/viewer.vm?id=0000132982&page=1 </a>
Texto de enlace Biblioteca Digital Hispánica
942 ## - ELEMENTOS DE ENTRADA SECUNDARIOS (KOHA)
Fuente del sistema de clasificación o colocación Clasificación decimal universal
Holdings
Estatus retirado Estado de pérdida Fuente del sistema de clasificación o colocación Estado de daño No para préstamo Colección Biblioteca de origen Biblioteca actual Ubicación en estantería Fecha de adquisición Total de préstamos Signatura topográfica completa Código de barras Visto por última vez Precio de reemplazo Tipo de ítem Koha
    Clasificación decimal universal     Biblioteca Digital del Ateneo de Madrid Biblioteca del Ateneo de Madrid Biblioteca del Ateneo de Madrid Depósito folletos 17/01/2008   2240-F-10 1080276 23/02/2023 23/02/2023 Folleto